000 00668nam a22002297a 4500
003 UA-OsUOA
001 23447
007 ta
008 20040121b un ||||| |||| 00| 0 ukr d
090 _a621.311.1
_bУ67
942 _cBK
040 _aUA-OsUOA
_bukr
_cUA-OsUOA
_dUA-OsUOA
245 _aУправління енерговикористанням
_bЗбірник доповідей
_cРед. А.В.Праховник
300 _a568 с.
_bІлюстрації
955 _a0
041 _aukr
080 _a621.311.1
260 _aКиїв
_bАльянс за збереження енергії
_c2001
044 _aUA
650 7 _2UDC
999 _c309695
_d309695